[Event "Ceske Budejovice op-A"]
[Site "Ceske Budejovice"]
[Date "2025.07.06"]
[Round "9"]
[White "Rybacek, Martin"]
[Black "Motuz, Karol"]
[Result "0-1"]
[WhiteElo "1948"]
[BlackElo "2290"]
[PlyCount "57"]
[EventDate "2025.06.28"]
[EventType "swiss"]
[EventRounds "9"]
[EventCountry "CZE"]
[SourceTitle "CB28_2025"]
[SourceDate "2025.07.09"]
[SourceVersion "1"]
[SourceVersionDate "2025.07.09"]
[SourceQuality "1"]

1. Nf3 d5 2. g3 Nf6 3. Bg2 c6 4. 0-0 Bf5 5. c4 e6 6. cxd5 cxd5 7. d3 Nc6 8. Qa4 Bc5 9. Nbd2 0-0 10. e4 Bg6 11. Nb3 Be7 12. Re1 Nb4 13. Re2 Nxd3 14. exd5 Nxd5 15. Qb5 Qc8 16. h4 a6 17. Qa4 b5 18. Qg4 Bf5 19. Qh5 Bg6 20. Qg4 h5 21. Qh3 Qc4 22. Nfd2 Qc7 23. Ne4 Bf5 24. Qh1 Rac8 25. Bg5 f6 26. Bd2 Qc4 27. Bf3 g6 28. Qg2 Ne5 29. Rc1 0-1

[Event "Ceske Budejovice op"]
[Site "Ceske Budejovice"]
[Date "2024.07.04"]
[Round "6"]
[White "Vojtek, Pavel"]
[Black "Rybacek, Martin"]
[Result "0-1"]
[WhiteElo "1931"]
[BlackElo "2018"]
[PlyCount "106"]
[EventDate "2024.06.29"]
[EventType "swiss"]
[EventRounds "9"]
[EventCountry "CZE"]
[SourceTitle "CBM 221 Extra"]
[Source "ChessBase"]
[SourceDate "2024.09.30"]
[SourceVersion "1"]
[SourceVersionDate "2024.09.30"]
[SourceQuality "1"]

1. d4 Nf6 2. Nf3 g6 3. g3 Bg7 4. Bg2 0-0 5. 0-0 d5 6. Nbd2 c6 7. c4 Bf5 8. b4 Ne4 9. Bb2 Nd7 10. cxd5 cxd5 11. Nh4 Nxd2 12. Qxd2 Be6 13. Rfc1 Nb6 14. b5 Qd6 15. a4 Nc4 16. Rxc4 dxc4 17. Bxb7 Rad8 18. e3 Bd5 19. Ba3 Qc7 20. Bxd5 Rxd5 21. Rc1 Rc8 22. Qa2 e5 23. dxe5 Rxe5 24. Bb2 Ree8 25. Bxg7 Kxg7 26. Nf3 c3 27. Nd4 Qc4 28. Qa3 Rc5 29. Nc6 c2 30. Nd4 Qd5 31. Qa1 Qe5 32. Rxc2 Rxc2 33. Nxc2 Qxa1+ 34. Nxa1 Rc8 35. Nb3 Rc3 36. Nd4 Ra3 37. Kf1 Rxa4 38. Ke2 Ra2+ 39. Kf3 f5 40. h3 h5 41. Nc6 Kf6 42. h4 Ke6 43. Nd4+ Ke5 44. Nc6+ Kd6 45. Kf4 Rxf2+ 46. Kg5 Rf3 47. Kxg6 Rxe3 48. Kxf5 Rxg3 49. Nxa7 Rg4 50. b6 Rxh4 51. Nc8+ Kd7 52. Kg5 Rb4 53. Na7 Rxb6 0-1

[Event "Kouty nad Desnou op-A"]
[Site "Kouty nad Desnou"]
[Date "2024.03.16"]
[Round "9"]
[White "Schwartz, Michael"]
[Black "Rybacek, Martin"]
[Result "0-1"]
[WhiteElo "1672"]
[BlackElo "1951"]
[PlyCount "112"]
[EventDate "2024.03.09"]
[EventType "swiss"]
[EventRounds "9"]
[EventCountry "CZE"]
[SourceTitle "CBM 219 Extra"]
[Source "ChessBase"]
[SourceDate "2024.05.31"]
[SourceVersion "1"]
[SourceVersionDate "2024.05.31"]
[SourceQuality "1"]

1. e4 c6 2. d4 d5 3. e5 Bf5 4. h4 Qb6 5. Nf3 e6 6. Bd3 Bg4 7. Nbd2 c5 8. dxc5 Bxc5 9. 0-0 Nc6 10. Be2 Nge7 11. c3 Ng6 12. b4 Be7 13. Qa4 Nxh4 14. Bd1 Nxf3+ 15. Nxf3 0-0 16. Bf4 Rfc8 17. Rc1 a6 18. Qb3 Qd8 19. g3 Bxf3 20. Bxf3 g5 21. Bd2 Nxe5 22. Be2 Nc4 23. Bxc4 Rxc4 24. Kg2 Rac8 25. Rh1 d4 26. Qd1 Qd5+ 27. Kg1 dxc3 28. Qh5 Qf5 29. Be3 c2 30. Qe2 Bxb4 31. Kg2 Ba3 32. Rce1 c1Q 33. Bxc1 Rxc1 34. Rxc1 Rxc1 35. Rxc1 Bxc1 36. Kh2 Qf6 37. Kg1 Bb2 38. Qc4 Bd4 39. Qc2 Qxf2+ 40. Qxf2 Bxf2+ 41. Kxf2 Kg7 42. Kf3 f5 43. a4 b5 44. axb5 axb5 45. g4 b4 46. gxf5 exf5 47. Kg3 b3 48. Kh3 b2 49. Kg3 b1Q 50. Kh3 Qe4 51. Kg3 Qf4+ 52. Kh3 Qf3+ 53. Kh2 Qg4 54. Kh1 f4 55. Kh2 f3 56. Kh1 Qg2# 0-1

[Event "Kouty nad Desnou op-A"]
[Site "Kouty nad Desnou"]
[Date "2024.03.11"]
[Round "4"]
[White "Rybacek, Martin"]
[Black "Mrazik, Marek"]
[Result "1-0"]
[WhiteElo "1951"]
[BlackElo "1601"]
[PlyCount "39"]
[EventDate "2024.03.09"]
[EventType "swiss"]
[EventRounds "9"]
[EventCountry "CZE"]
[SourceTitle "CBM 219 Extra"]
[Source "ChessBase"]
[SourceDate "2024.05.31"]
[SourceVersion "1"]
[SourceVersionDate "2024.05.31"]
[SourceQuality "1"]

1. Nf3 d5 2. d4 Nf6 3. c4 c6 4. Nc3 Bf5 5. cxd5 cxd5 6. Qb3 b6 7. Bg5 e6 8. e4 dxe4 9. Bb5+ Ke7 10. Ne5 Qxd4 11. Nc4 e5 12. Rd1 Qc5 13. Rd5 Qxd5 14. Nxd5+ Ke6 15. Nc7+ Ke7 16. Nxa8 a6 17. Bxa6 Nxa6 18. Qxb6 Bc8 19. 0-0 h6 20. Rd1 1-0

[Event "Kouty nad Desnou op-A"]
[Site "Kouty nad Desnou"]
[Date "2024.03.10"]
[Round "2"]
[White "Rybacek, Martin"]
[Black "Brabencova, Aneta"]
[Result "1-0"]
[WhiteElo "1951"]
[BlackElo "1603"]
[PlyCount "83"]
[EventDate "2024.03.09"]
[EventType "swiss"]
[EventRounds "9"]
[EventCountry "CZE"]
[SourceTitle "CBM 219 Extra"]
[Source "ChessBase"]
[SourceDate "2024.05.31"]
[SourceVersion "1"]
[SourceVersionDate "2024.05.31"]
[SourceQuality "1"]

1. Nf3 Nc6 2. d4 d5 3. c4 e6 4. Nc3 Nf6 5. Bg5 Be7 6. e3 0-0 7. Bd3 g6 8. a3 b6 9. Rc1 Bb7 10. 0-0 Rc8 11. b4 a6 12. c5 b5 13. Qb3 Na7 14. a4 c6 15. Ra1 Ra8 16. Ne5 Qc7 17. f4 Kg7 18. Qc2 Bc8 19. axb5 axb5 20. Ra3 Bd7 21. Rfa1 Rfb8 22. Qa2 Rb7 23. Ra6 Bd8 24. Nxb5 cxb5 25. c6 Bxc6 26. Nxc6 Nxc6 27. Rxa8 Nxb4 28. Qa3 Be7 29. Rc1 Qb6 30. Qb3 Nc6 31. Rca1 b4 32. R8a6 Qc7 33. Rc1 Rb6 34. Qc2 b3 35. Bxf6+ Kxf6 36. Qb2 Qb7 37. Rxb6 Qxb6 38. Rc3 Na5 39. Be2 Bd6 40. Rd3 Be7 41. Bd1 Qc7 42. Bxb3 1-0

[Event "Morava-ch"]
[Site "Orlova"]
[Date "2023.10.27"]
[Round "6"]
[White "Zednicek, Filip"]
[Black "Rybacek, Martin"]
[Result "0-1"]
[WhiteElo "1950"]
[BlackElo "1764"]
[PlyCount "66"]
[EventDate "2023.10.24"]
[EventType "swiss"]
[EventRounds "9"]
[EventCountry "CZE"]
[SourceTitle "CBM 217 Extra"]
[Source "ChessBase"]
[SourceDate "2024.01.31"]
[SourceVersion "1"]
[SourceVersionDate "2024.01.31"]
[SourceQuality "1"]

1. e4 e6 2. d4 d5 3. exd5 exd5 4. c4 Nf6 5. Nc3 Bb4 6. Nf3 0-0 7. Be2 dxc4 8. Bxc4 Re8+ 9. Be3 Be6 10. Bxe6 Rxe6 11. 0-0 Nbd7 12. Qb3 a5 13. Rad1 Nb6 14. d5 Rd6 15. Nb5 Rxd5 16. Bxb6 cxb6 17. a3 Bc5 18. Nc3 Rxd1 19. Rxd1 Qf8 20. Nd5 Nxd5 21. Qxd5 Qe7 22. h3 h6 23. Re1 Qc7 24. Qf5 Rd8 25. Nh2 Qd7 26. Qe5 Qd6 27. Qe4 Bxf2+ 28. Kxf2 Qxh2 29. Re2 Qd6 30. Qxb7 Qd4+ 31. Kf3 Qf6+ 32. Kg3 Rd3+ 33. Kh2 Qf4+ 0-1

[Event "Morava-ch"]
[Site "Orlova"]
[Date "2023.10.25"]
[Round "2"]
[White "Hladky, Tadeas"]
[Black "Rybacek, Martin"]
[Result "1-0"]
[WhiteElo "2101"]
[BlackElo "1764"]
[PlyCount "137"]
[EventDate "2023.10.24"]
[EventType "swiss"]
[EventRounds "9"]
[EventCountry "CZE"]
[SourceTitle "CBM 217 Extra"]
[Source "ChessBase"]
[SourceDate "2024.01.31"]
[SourceVersion "1"]
[SourceVersionDate "2024.01.31"]
[SourceQuality "1"]

1. e4 c5 2. Nf3 e6 3. b3 b6 4. d4 cxd4 5. Nxd4 Bb7 6. Bd3 Bc5 7. Bb2 Qf6 8. c3 Nc6 9. Nf3 Ne5 10. 0-0 Nxf3+ 11. Qxf3 Qxf3 12. gxf3 Nf6 13. Nd2 d5 14. Bb5+ Kd8 15. Rfd1 Kc7 16. exd5 exd5 17. Rac1 a6 18. Bf1 Rad8 19. b4 Be7 20. Nb3 Kb8 21. Nd4 Bd6 22. Rc2 Rhe8 23. Bc1 Rc8 24. Be3 Nd7 25. Bh3 Rc7 26. Nf5 Be5 27. f4 Rxc3 28. Rxc3 Bxc3 29. Nd6 Re7 30. Nxb7 Kxb7 31. Rxd5 Nb8 32. Rd6 Nc6 33. Bg2 Rc7 34. a3 Bf6 35. a4 b5 36. axb5 axb5 37. Rd5 Kc8 38. Bh3+ Kb8 39. Rxb5+ Rb7 40. Rc5 Na7 41. Rc4 Be7 42. Bd2 Rc7 43. Re4 Nb5 44. Bf1 Nd6 45. Rd4 Rb7 46. Bd3 g6 47. Rd5 Ne8 48. f5 Nf6 49. Rd4 Rd7 50. Bf4+ Ka7 51. Rxd7+ Nxd7 52. fxg6 fxg6 53. Be3+ Kb7 54. Be4+ Kc7 55. b5 Nc5 56. Bc6 Na4 57. Kg2 Kd6 58. Kf3 Bd8 59. Ke4 Nb6 60. Bf4+ Ke6 61. Kd4 Bh4 62. Be3 Be7 63. Kc3 Bd8 64. Kb4 Kd6 65. Bf4+ Ke6 66. Bg3 g5 67. Ka5 h5 68. Ka6 Nc4 69. Bb8 1-0

[Event "Znojmo Rotunda op-A"]
[Site "Znojmo"]
[Date "2023.08.22"]
[Round "4"]
[White "Vejlupek, Pavel"]
[Black "Rybacek, Martin"]
[Result "0-1"]
[WhiteElo "1406"]
[BlackElo "1786"]
[PlyCount "62"]
[EventDate "2023.08.19"]
[EventType "swiss"]
[EventRounds "9"]
[EventCountry "CZE"]
[SourceTitle "CBM 216 Extra"]
[Source "ChessBase"]
[SourceDate "2023.11.30"]
[SourceVersion "1"]
[SourceVersionDate "2023.11.30"]
[SourceQuality "1"]

1. e4 c6 2. Nf3 d5 3. e5 Bg4 4. d4 e6 5. Be2 c5 6. c3 Nc6 7. Be3 Qb6 8. b3 Bxf3 9. Bxf3 Nh6 10. g4 cxd4 11. Bxd4 Bc5 12. Bxc5 Qxc5 13. Qe2 d4 14. c4 Nxe5 15. Bxb7 Rd8 16. f3 d3 17. Qd2 Nxc4 18. Qc3 Qe3+ 19. Kf1 d2 20. Qxe3 Nxe3+ 21. Ke2 d1Q+ 22. Rxd1 Nxd1 23. Be4 f5 24. gxf5 exf5 25. Bc2 Nb2 26. Nd2 0-0 27. Nc4 Rfe8+ 28. Kf2 Nd3+ 29. Kg3 f4+ 30. Kh3 Re2 31. Bxd3 Rxd3 0-1

[Event "Znojmo Rotunda op-A"]
[Site "Znojmo"]
[Date "2023.08.21"]
[Round "3"]
[White "Rybacek, Martin"]
[Black "Marek, Jakub"]
[Result "1/2-1/2"]
[WhiteElo "1786"]
[BlackElo "1889"]
[PlyCount "99"]
[EventDate "2023.08.19"]
[EventType "swiss"]
[EventRounds "9"]
[EventCountry "CZE"]
[SourceTitle "CBM 216 Extra"]
[Source "ChessBase"]
[SourceDate "2023.11.30"]
[SourceVersion "1"]
[SourceVersionDate "2023.11.30"]
[SourceQuality "1"]

1. d4 Nf6 2. g3 d5 3. c4 g6 4. Bg2 c6 5. Nf3 Bg7 6. 0-0 0-0 7. cxd5 cxd5 8. Ne5 Nc6 9. Nxc6 bxc6 10. Nc3 Ba6 11. Bg5 Rb8 12. b3 Ne4 13. Nxe4 dxe4 14. Bxe4 Qxd4 15. Qxd4 Bxd4 16. Rac1 c5 17. Bf3 f6 18. Bd2 Rfd8 19. Ba5 Rf8 20. Rfd1 Bb7 21. Bxb7 Rxb7 22. e3 Be5 23. Rxc5 Bd6 24. Rc4 Kf7 25. Kg2 Rfb8 26. Kf3 Rd7 27. Bb4 Rbb7 28. Bxd6 exd6 29. Rdc1 a5 30. Rd1 Rb5 31. Rc6 Ke6 32. Rdc1 Ra7 33. Rc7 Rbb7 34. Rxb7 Rxb7 35. Rc4 Ke5 36. e4 f5 37. exf5 Kxf5 38. Ke3 Ke5 39. Kd3 d5 40. f4+ Kd6 41. Rc8 a4 42. Kc3 axb3 43. axb3 Re7 44. Kd3 Rb7 45. Rc3 Rb4 46. Kc2 Re4 47. Kd2 Rb4 48. Kc2 Re4 49. Kd2 Rb4 50. Kc2 1/2-1/2

[Event "Ceske Budejovice op-A"]
[Site "Ceske Budejovice"]
[Date "2023.07.05"]
[Round "5"]
[White "Rybacek, Martin"]
[Black "Blumel, Otto"]
[Result "1/2-1/2"]
[WhiteElo "1786"]
[BlackElo "1900"]
[PlyCount "155"]
[EventDate "2023.07.01"]
[EventType "swiss"]
[EventRounds "9"]
[EventCountry "CZE"]
[SourceTitle "CBM 215 Extra"]
[Source "ChessBase"]
[SourceDate "2023.09.30"]
[SourceVersion "1"]
[SourceVersionDate "2023.09.30"]
[SourceQuality "1"]

1. Nf3 d5 2. e3 e6 3. c4 c6 4. Nc3 f5 5. d4 Nf6 6. g3 Be7 7. Bg2 Nbd7 8. b3 Ne4 9. Bd2 Nxd2 10. Qxd2 Nf6 11. Qc2 0-0 12. 0-0 Qe8 13. Ne5 Qh5 14. Qe2 Qh6 15. Nd1 Bd7 16. Nb2 Be8 17. Nbd3 g5 18. f4 Ne4 19. fxg5 Nxg5 20. Nf4 Rf6 21. Rac1 Bd6 22. Ned3 Qg7 23. Kf2 Rh6 24. Rh1 Ne4+ 25. Ke1 Rxh2 26. Rxh2 Qxg3+ 27. Kd1 Qxh2 28. Kc2 Bf7 29. Rh1 Ng3 30. Rxh2 Nxe2 31. Rh4 Nxf4 32. Nxf4 Bg6 33. Nxg6 hxg6 34. Rh1 Kg7 35. Kd3 Rf8 36. Rf1 Rh8 37. Rh1 Rxh1 38. Bxh1 Kf6 39. Ke2 Kg5 40. Kf3 Kh4 41. Bg2 Bh2 42. Bf1 Bg1 43. cxd5 exd5 44. Bd3 Kg5 45. b4 Kf6 46. b5 Ke6 47. bxc6 bxc6 48. Ba6 Kd7 49. Bd3 Bh2 50. Bc2 Bd6 51. Bd3 Ba3 52. Bc2 Kc7 53. Bd3 Kb6 54. Be2 a5 55. Bd3 Bd6 56. Ke2 a4 57. Kd2 Bh2 58. Ke2 Bg1 59. Kf3 a3 60. Ke2 Ka5 61. Kf3 Bh2 62. Ke2 Bd6 63. Kd2 Kb6 64. Bc2 Bb4+ 65. Ke2 c5 66. dxc5+ Kxc5 67. Bd3 Kd6 68. Kf3 Ke5 69. Bb1 g5 70. Bc2 Bc3 71. Bb3 d4 72. exd4+ Bxd4 73. Bf7 Kf6 74. Bd5 g4+ 75. Kg2 f4 76. Bc6 f3+ 77. Bxf3 gxf3+ 78. Kxf3 1/2-1/2

[Event "Ceske Budejovice op-A"]
[Site "Ceske Budejovice"]
[Date "2023.07.02"]
[Round "2"]
[White "Hurtik, Matej"]
[Black "Rybacek, Martin"]
[Result "1-0"]
[WhiteElo "2120"]
[BlackElo "1786"]
[PlyCount "91"]
[EventDate "2023.07.01"]
[EventType "swiss"]
[EventRounds "9"]
[EventCountry "CZE"]
[SourceTitle "CBM 215 Extra"]
[Source "ChessBase"]
[SourceDate "2023.09.30"]
[SourceVersion "1"]
[SourceVersionDate "2023.09.30"]
[SourceQuality "1"]

1. e4 c6 2. b3 d5 3. exd5 cxd5 4. Bb2 Nc6 5. Nf3 Nf6 6. h3 Bf5 7. Bb5 a6 8. Bxc6+ bxc6 9. d3 c5 10. Nbd2 e6 11. Nh4 Bg6 12. Qf3 Be7 13. Nxg6 hxg6 14. 0-0 0-0 15. Rfd1 Qa5 16. a3 Rac8 17. c3 Rfd8 18. Qe2 Qb6 19. Rdb1 Nd7 20. c4 Bf6 21. Bxf6 Nxf6 22. Nf3 Ra8 23. b4 Qd6 24. b5 axb5 25. cxb5 Ra4 26. Ne5 Qb6 27. Qb2 Rda8 28. Nc6 Kh7 29. Qe5 Rxa3 30. Rxa3 Rxa3 31. Qd6 Kg8 32. Qe7 Kh7 33. Qxf7 Rxd3 34. Ne7 c4 35. Qxg6+ Kh8 36. Qg5 Rd2 37. Qg3 Rd3 38. Qh4+ Nh7 39. Ra1 Qb8 40. Qg4 Nf8 41. Qh5+ Nh7 42. Qf7 Nf6 43. Ng6+ Kh7 44. Nf8+ Kh8 45. Nxe6 Qg8 46. Ra8 1-0

[Event "Ceske Budejovice op-A"]
[Site "Ceske Budejovice"]
[Date "2023.07.01"]
[Round "1"]
[White "Rybacek, Martin"]
[Black "Volak, Simon"]
[Result "0-1"]
[WhiteElo "1786"]
[BlackElo "2135"]
[PlyCount "106"]
[EventDate "2023.07.01"]
[EventType "swiss"]
[EventRounds "9"]
[EventCountry "CZE"]
[SourceTitle "CBM 215 Extra"]
[Source "ChessBase"]
[SourceDate "2023.09.30"]
[SourceVersion "1"]
[SourceVersionDate "2023.09.30"]
[SourceQuality "1"]

1. Nf3 Nf6 2. d4 e6 3. g3 d5 4. Bg2 Be7 5. 0-0 0-0 6. c4 dxc4 7. Qc2 a6 8. a4 Bd7 9. Qxc4 Bc6 10. Bg5 a5 11. Nc3 Nbd7 12. Rfd1 h6 13. Bf4 Nb6 14. Qb3 Bd6 15. Bxd6 cxd6 16. Ne1 Nbd5 17. Rac1 Qd7 18. Nb5 Nb4 19. Nd3 Bxb5 20. axb5 Qxb5 21. Nxb4 Rfc8 22. Qf3 axb4 23. Qxb7 Qxb7 24. Bxb7 Rxc1 25. Rxc1 Ra2 26. Rc2 b3 27. Rd2 d5 28. f3 Ne8 29. Bc6 Nd6 30. Rd3 Rxb2 31. Ba4 Rxe2 32. Bxb3 Nf5 33. Bd1 Re3 34. Rd2 Rc3 35. Be2 Ra3 36. Bd1 Ne3 37. Be2 Nf5 38. Bd1 Kf8 39. Kf2 Ke7 40. g4 Nd6 41. Be2 f5 42. h3 Kf6 43. Rc2 Nf7 44. Rb2 h5 45. Rb6 hxg4 46. hxg4 fxg4 47. fxg4 Ng5 48. Rb8 Nh3+ 49. Kf1 Nf4 50. Bb5 Kg5 51. Rg8 g6 52. Be2 Ra1+ 53. Kf2 Ra2 0-1

[Event "Ceske Budejovice op-A"]
[Site "Ceske Budejovice"]
[Date "2022.07.08"]
[Round "8"]
[White "Rybacek, Martin"]
[Black "Kukacka, Ladislav"]
[Result "1-0"]
[WhiteElo "1650"]
[BlackElo "1555"]
[PlyCount "115"]
[EventDate "2022.07.01"]
[EventType "swiss"]
[EventRounds "9"]
[EventCountry "CZE"]
[SourceTitle "CBM 209 Extra"]
[Source "ChessBase"]
[SourceDate "2022.09.30"]
[SourceVersion "1"]
[SourceVersionDate "2022.09.30"]
[SourceQuality "1"]

1. d4 Nf6 2. Nf3 g6 3. c4 Bg7 4. Nc3 d6 5. e4 0-0 6. Be2 e5 7. dxe5 dxe5 8. Qxd8 Rxd8 9. Bg5 c6 10. Nxe5 Re8 11. 0-0-0 Rxe5 12. Rd8+ Re8 13. Bxf6 Rxd8 14. Bxd8 Na6 15. Rd1 Be6 16. Bg5 Nc5 17. Be3 Bxc3 18. Bxc5 Bg7 19. b3 b6 20. Be7 Bh6+ 21. Kc2 Kg7 22. Rd8 Rxd8 23. Bxd8 Bf4 24. g3 Bd6 25. Bg5 Bc5 26. f3 Bg1 27. h4 f6 28. Bf4 Kf7 29. Kd2 Bc5 30. Be3 Bb4+ 31. Kc2 Be1 32. Bf4 Bf2 33. a3 a5 34. a4 h6 35. Kd3 Ke7 36. Be3 Bxg3 37. Bxb6 Be1 38. Be3 Bxh4 39. Bxh6 Kd6 40. Bd2 g5 41. Bxa5 f5 42. exf5 Bxf5+ 43. Kd2 Bf2 44. Bd8 Bh4 45. a5 Kd7 46. a6 Kc8 47. a7 Kb7 48. Bb6 Bg3 49. c5 Bf4+ 50. Kc3 Be5+ 51. Kb4 Bf4 52. Bc4 Bd2+ 53. Ka4 Bh3 54. b4 Bg2 55. Be2 Bh3 56. Bd3 Bd7 57. Be4 Be8 58. b5 1-0

[Event "Ceske Budejovice op-A"]
[Site "Ceske Budejovice"]
[Date "2022.07.06"]
[Round "6"]
[White "Pisar, Tomas"]
[Black "Rybacek, Martin"]
[Result "1-0"]
[WhiteElo "1640"]
[BlackElo "1650"]
[PlyCount "71"]
[EventDate "2022.07.01"]
[EventType "swiss"]
[EventRounds "9"]
[EventCountry "CZE"]
[SourceTitle "CBM 209 Extra"]
[Source "ChessBase"]
[SourceDate "2022.09.30"]
[SourceVersion "1"]
[SourceVersionDate "2022.09.30"]
[SourceQuality "1"]

1. d4 Nf6 2. Nf3 e6 3. c4 Bb4+ 4. Bd2 Bxd2+ 5. Qxd2 0-0 6. g3 b6 7. Bg2 Bb7 8. 0-0 d6 9. Nc3 Nbd7 10. Rfe1 c5 11. d5 exd5 12. cxd5 Re8 13. e4 Ng4 14. h3 Nge5 15. Nxe5 Nxe5 16. f4 Ng6 17. Re3 f6 18. Rae1 Qd7 19. Kh2 b5 20. Bf3 b4 21. Nd1 Bc8 22. Nf2 Qc7 23. e5 fxe5 24. fxe5 Qd8 25. exd6 Rxe3 26. Qxe3 Qxd6 27. Qe8+ Nf8 28. Ne4 Qh6 29. Bh5 Bxh3 30. Qf7+ Kh8 31. Kxh3 Ng6 32. Qf5 Ne7 33. Qg5 Qxg5 34. Nxg5 Nxd5 35. Bf3 Rd8 36. Bxd5 1-0

[Event "Ceske Budejovice op-A"]
[Site "Ceske Budejovice"]
[Date "2022.07.03"]
[Round "3"]
[White "Jilek, Marcel"]
[Black "Rybacek, Martin"]
[Result "1/2-1/2"]
[WhiteElo "1565"]
[BlackElo "1650"]
[PlyCount "65"]
[EventDate "2022.07.01"]
[EventType "swiss"]
[EventRounds "9"]
[EventCountry "CZE"]
[SourceTitle "CBM 209 Extra"]
[Source "ChessBase"]
[SourceDate "2022.09.30"]
[SourceVersion "1"]
[SourceVersionDate "2022.09.30"]
[SourceQuality "1"]

1. d4 Nf6 2. c4 e6 3. Nf3 Bb4+ 4. Bd2 Bxd2+ 5. Nbxd2 0-0 6. g3 b6 7. Bg2 Bb7 8. 0-0 d6 9. Qc2 Nbd7 10. b3 c5 11. dxc5 Nxc5 12. Rad1 Qe7 13. Nb1 Rfd8 14. Nc3 Rac8 15. Qb1 Nce4 16. Nxe4 Bxe4 17. Qb2 d5 18. Nd2 Bxg2 19. Kxg2 d4 20. Nf3 e5 21. Rfe1 Nd7 22. e3 dxe3 23. Rxe3 f6 24. Ree1 Nc5 25. Rxd8+ Rxd8 26. Qe2 Qd6 27. Kg1 Qd3 28. h4 e4 29. Nh2 Qxe2 30. Rxe2 f5 31. Nf1 Kf7 32. Ne3 g6 33. Nd5 1/2-1/2